000 00320nam a2200121Ia 4500
008 220217s9999||||xx |||||||||||||| ||und||
082 _a005.13 GOO
100 _aGoodman, Danny
_92791
245 0 _aJava script bible
260 _aIDG books india
_bNew Delhi
_c2000
300 _b499
650 _aPROGRAMMING LANGUAGE
999 _c170020
_d170020